000 00701nam a2200229Ia 4500
001 9369
003 GE_BSU
008 181216s||||||||xx |||||||||||||| ||und||
040 _cGE_BSU
080 _a821.353.1–32
100 _aმალაზონია,ნესტორ
245 _aორი გასროლა
245 _bმოთხრობა
245 _cრედ.შ.როყვა,მხატვ.რ.სანადირაძე
260 _aბათუმი
260 _bსაბჭოთა აჭარა
260 _c1970
300 _a131გვ.16სმ.
653 _aმოთხრობა
653 _aორი გასროლა
942 _cBK
999 _c42665
_d42665